| 000 | 00752nam a22002417a 4500 | ||
|---|---|---|---|
| 008 | 131116b xxu||||| |||| 00| 0 eng d | ||
| 020 | _a81-7035-312-2 | ||
| 024 | _cAvailable | ||
| 037 | _cAvailable | ||
| 040 |
_aMBSTU LIBRARY _dMBSTU LIBRARY |
||
| 082 |
_222 _a574.528 AQU |
||
| 110 | _aArvind Kumar. | ||
| 245 | _aAuatic environment and toxicology. | ||
| 260 |
_aNew Delhi _bDaya Publishing House. _c2003 |
||
| 300 |
_a25 cm. _b431 page _f1 _g25 cm. |
||
| 600 | _2Aquatic environment, toxicology. | ||
| 650 | _2Aquatic environment, toxicology. | ||
| 710 | _aArvind Kumar. | ||
| 270 |
_aNew Delhi _bNew Delhi _dIndia |
||
| 365 |
_b2250.00 _d2250.00 |
||
| 942 |
_2ddc _cBK |
||
| 999 |
_c845 _d845 |
||